000 00644nam a2200217Ia 4500
005 20250508154503.0
008 008 250505s9999 xx 000 0 eng d
037 _aTextual
040 _aFEDL
_beng
_cFEDL
041 _aeng
_2eng
084 _a157.9, SCH
_qFEDL
100 _aSchoeck Helmut
245 0 _aPsychiatry and responsibility
260 _aPrinceton
_bD. Van Nostrand Company
_c1962
300 _axiv,238p.
490 _aThe William Volker Fund Series in the Humane Studies
650 _aAbnormal Psychology
700 _a Wiggings James W.
_9765526
942 _cTEXL
_h157.9, SCH
999 _c1350539
_d1350539